Intermediate mathematical analysis
Αποθηκεύτηκε σε:
| Κύριος συγγραφέας: | |
|---|---|
| Μορφή: | Βιβλίο |
| Γλώσσα: | English |
| Δημοσίευση: |
Oxford : New York :
Clarendon Press, Oxford University Press,
1988
|
| Θέματα: | |
| Ετικέτες: |
Προσθήκη ετικέτας
Δεν υπάρχουν, Καταχωρήστε ετικέτα πρώτοι!
|
MARC
| LEADER | 00000cam a2200000 i 4500 | ||
|---|---|---|---|
| 001 | 1/27202 | ||
| 008 | 941103s1988 eng d | ||
| 020 | |a 0198532911 |c Ή22.50 (est.) ($33.75 U.S.) | ||
| 020 | |a 019853292X |c Ή9.95 (est.) ($15.00 U.S.) | ||
| 035 | |l 10037769 | ||
| 035 | |a 1993 |c ΧΑΤΖΗΣΑΒΒΑΣ | ||
| 040 | |a GR-MY-UA |b gre |e aacr | ||
| 041 | 0 | |a eng | |
| 082 | 0 | |a 515 |2 (19) | |
| 100 | 1 | |a Thurston, H. A. |q (Hugh Ansfrid) | |
| 245 | 1 | 0 | |a Intermediate mathematical analysis / |c Hugh Thurston |
| 260 | |a Oxford : |a New York : |b Clarendon Press, |b Oxford University Press, |c 1988 | ||
| 300 | |a vii, 164 p.; |c 24 cm | ||
| 500 | |a Includes indexes | ||
| 650 | 0 | 0 | |a Mathematical analysis. |
| 852 | |a INST |b SAMOS |e 19941103 |h 515 THU |p 005300003617 |q 005300003617 |t BK |y 0 | ||
| 909 | |a Σ |b 025399 | ||